Rzeczowniki zaczynające się na U - Statystyki

Ogólne statystyki
  • Ten quiz został rozwiązany 28 razy
  • Średni wynik to 31 z 66
Statystyki odpowiedzi
Odpowiedź % Poprawnych
ul
100%
usta
100%
ulica
96%
ustawa
92%
ucho
84%
udo
84%
ubranie
80%
uczucie
80%
układ
80%
uczeń
76%
ufo
76%
udar
72%
unia
72%
uroda
72%
uwaga
72%
uczennica
68%
uprawa
68%
umiar
64%
unik
64%
upał
64%
upór
64%
utarg
64%
uczelnia
60%
uczynek
60%
umywalka
60%
udział
56%
urodziny
56%
uchwyt
52%
uczta
52%
ulga
52%
urząd
52%
ustnik
52%
ubóstwo
48%
ujęcie
48%
upadek
48%
uśmiech
48%
ustrój
48%
urok
44%
urządzenie
44%
usterka
44%
uczulenie
36%
ułamek
36%
uścisk
36%
ubezpieczenie
28%
uderzenie
28%
umysł
28%
uprzejmość
28%
umiejętność
24%
uniwersytet
24%
ulubieniec
20%
unikat
20%
urlop
20%
uczestnik
16%
ukwiał
16%
użytkownik
16%
usługa
12%
ustawienie
12%
uwodziciel
12%
uczciwość
8%
urojenie
8%
ubijaczka
4%
ukośnik
4%
uniform
4%
uniwersum
4%
uroczystość
4%
uzależnienie
4%
Nie znaleziono quizów pasujących do podanych kryteriów
Rozkład punktacji
Procent ludzi z każdym wynikiem
Percentyl według liczby udzielonych odpowiedzi
Twoja historia wyników
Nie rozwiązałeś tego quizu